| 000 | 00806nam a22002297a 4500 | ||
|---|---|---|---|
| 005 | 20100715141155.0 | ||
| 008 | 100715t xxu||||| |||| 00| 0 eng d | ||
| 010 | _aENG-96406 | ||
| 020 |
_c250.00 _a9788120340947 |
||
| 035 | _aEN-79938 | ||
| 037 | _bDBAD / PUB | ||
| 040 |
_aDpl _bEng |
||
| 082 | _a338.5024658 | ||
| 100 | _aPrusty, Sadananda | ||
| 245 |
_aManagerial economics / _cby Sadananda Prusty |
||
| 260 |
_aNew Delhi _bPrentice Learning _c2010 |
||
| 270 |
_bNew Delhi _e110 001 _aM-97, Connaught Circus |
||
| 300 |
_axiii,288 p. _c24cm (pbk ) |
||
| 500 | _aincludes index | ||
| 942 |
_adpl _cEN _2ddc _h338.5024658 _mPRU |
||
| 999 |
_c36966 _d36966 |
||